URGENCIAS MEDICAS (Registro nro. 1819)

Detalles MARC
000 -LEADER
campo de control de longitud fija 01709nam a22001697a 4500
001 - NÚMERO DE CONTROL
campo de control 7465
005 - FECHA Y HORA DE LA ÚLTIMA TRANSACCIÓN
campo de control 20250602012214.0
008 - DATOS DE LONGITUD FIJA--INFORMACIÓN GENERAL
campo de control de longitud fija 5230201987 dr a
082 ## - NÚMERO DE LA CLASIFICACIÓN DECIMAL DEWEY
Número de clasificación RD 616.025
Número de ítem Ur31u4
245 ## - MENCIÓN DEL TÍTULO
Título URGENCIAS MEDICAS
Mención de responsabilidad, etc. Guarocuya Batista del Villar, Editor.
250 ## - MENCION DE EDICION
Mención de edición 4a. ed.
260 ## - PUBLICACIÓN, DISTRIBUCIÓN, ETC.
Lugar de publicación, distribución, etc. Santo Domingo :
Nombre del editor, distribuidor, etc. AMIGO DEL HOGAR
300 ## - DESCRIPCIÓN FÍSICA
Extensión xxxvii, 543 : il / 21.5 cm
Otros detalles físicos il.
505 ## - NOTA DE CONTENIDO CON FORMATO
Nota de contenido con formato TRASTORNOS NEUROLÓGICOS Y PSIQUIÁTRICOS 1. Aproximación a un enfermo en coma. La Muerte Cerebrar ..... 3 2. Trastornos convilsivos y crisis discinéticas .... 39 3. Aproximación a las urgencia psiquiátricas .... 55 4. Neurosis o reacciones vivenciaales anormales ..... 65 TRASTORNOS CARIOVASCULARES 5. Infarto agudo del miocardio .... 73 6. Urgencias hipertensivas ..... 131 7. Embolia (Tromboembolia) pulmunar ..... 169 8. Las arterias (Diaritmias) cardíacas ...... 195 9. Paro cardíaco o cardio.respiratorio. Resucitación cardiopulmunar.cerebral ........ 307 10. Edema agudo del pulmón cardiógeno .... 349 11. Edocarditis infecciosa ..... 373 12. Choque (Shock) .... 393 13. Taponamiento periárdico (Cardíaco) agudo ..... 423 14. Urgencias vasculares periféricas ..... 447 TRASTORNOS PULMONARES 15. Asma bronquial : Crisis aguda y status asmático .... 463 16. Estado de mal asmático en la unidad de cuidados intensivos ..... 485 17. Síndrome de sufrimiento (Distress) respiratorio del adulto ventilación mecánica ....... 501 18. Ahogamiento incompleto ..... 513 19. Neumotórax espontáneo .... 519 20. Hemotisis .... 529
650 ## - PUNTO DE ACCESO ADICIONAL DE MATERIA--TÉRMINO DE MATERIA
Término de materia o nombre geográfico como elemento de entrada 1 URGENCIAS MEDICAS 2 ABDOMEN ENFERMEDADES 3 TRASTORNOS CARDIVASCULARES 4 TRASTORNOS NEUROLOGICOS
700 ## - ENTRADA AGREGADA--NOMBRE PERSONAL
Nombre de persona I BATISTA DEL VILLAR GUAROCUYA EDT
Existencias
Estatus retirado Estado de pérdida Estado de daño No para préstamo Colección Biblioteca de origen Biblioteca actual Fecha de adquisición Total de préstamos Signatura topográfica completa Código de barras Visto por última vez Copia número Precio de reemplazo Tipo de ítem Koha
        Acervo general de Libros Biblioteca Central Mons. Favio M. Rivas S. Biblioteca Central Mons. Favio M. Rivas S. 23/06/2014   RD 616.025 000000002394 23/05/2025 1 23/05/2025 Libros